Online Catalogue and eLibrary

Mahasenayange Karawa kathawa (Record no. 1964)

MARC details
000 -LEADER
fixed length control field 00434nam a2200169Ia 4500
005 - DATE AND TIME OF LATEST TRANSACTION
control field 20250617030623.0
008 - FIXED-LENGTH DATA ELEMENTS--GENERAL INFORMATION
fixed length control field 240331s9999 xx 000 0 und d
020 ## - INTERNATIONAL STANDARD BOOK NUMBER
ISBN 9559557203
082 ## - DDC Classification
Item Number - Author Mark SEN
Class No. 305
100 ## - MAIN ENTRY--PERSONAL NAME
Personal name Senanayake, C
245 #0 - TITLE STATEMENT
Title Mahasenayange Karawa kathawa
250 ## - EDITION STATEMENT
Edition statement 2nd
260 ## - PUBLICATION, DISTRIBUTION, ETC.
Place of publication, distribution, etc. Gampaha
Name of publisher, distributor, etc. Buddhist Lanka Press
Date of publication, distribution, etc. 1993
300 ## - PHYSICAL DESCRIPTION
Extent (e.g. Volumes, Pages etc.) 85 p .,
500 ## - GENERAL NOTE
General note A book on Talk about bod of the Mahasenas
942 ## - Koha item type (Biblio)
Koha item type Books in Stacks (Lending)
Holdings
Lost status Damaged status Collection code Home library Current library Shelving location Date acquired Full call number Accession Number Item type
    Lending WERC Library WERC Library Social Science Cupboard 03/31/2024 305.5 SEN 3090 Books in Stacks (Lending)

© WERC Library